WIRELESS AND MOBILE NETWORK ARCHITECTURES/ (Record no. 49000)

MARC details
000 -LEADER
fixed length control field 00436pam a2200169 a 4500
020 ## - INTERNATIONAL STANDARD BOOK NUMBER
Terms of availability
041 ## - LANGUAGE CODE
Language code of original
082 ## - DEWEY DECIMAL CLASSIFICATION NUMBER
Classification number 004.68
Item number LIN / CHL
100 ## - MAIN ENTRY--PERSONAL NAME
Personal name LIN Y. AND CHLAMTAC.
245 ## - TITLE STATEMENT
Title WIRELESS AND MOBILE NETWORK ARCHITECTURES/
Medium Textual Documents
250 ## - EDITION STATEMENT
Edition statement 20-08-2003.
260 ## - PUBLICATION, DISTRIBUTION, ETC.
Name of publisher, distributor, etc. JOHN WILEY and SONS
300 ## - PHYSICAL DESCRIPTION
Extent XXII/532
500 ## - GENERAL NOTE
General note 6181
653 ## - INDEX TERM--UNCONTROLLED
Uncontrolled term ADV. COMPUTER ARCHITECTURE and COMPUTING (B.E.-II
930 ## - EQUIVALENCE OR CROSS-REFERENCE-UNIFORM TITLE HEADING [LOCAL, CANADA]
Uniform title 5775
Holdings
Withdrawn status Lost status Damaged status Not for loan Collection Home library Current library Shelving location Date acquired Source of acquisition Cost, normal purchase price Total Checkouts Full call number Barcode Date last seen Copy number Price effective from Koha item type
        EWP College of Engineering for Women, Pune College of Engineering for Women, Pune E-ROW-20:CUP-83 20/04/2004 BOOK LAND 434.30   004.68 LIN / CHL EWP-5835 24/02/2023 1 24/02/2023 Book